000
00329nam a22001337a 4500
008
170809b xxu||||| |||| 00| 0 eng d
020
_a
9781133234005
041
_a
eng
080
_a
004
100
_a
35
101
_a
SHKI
245
_a
CSC118 COMPUTER APPLICATIONS & CSC18 COMPUTER APPLICATIONS II
_c
SHAFFER
942
_2
udc
_c
BK
999
_c
23055
_d
23055